01654nam a2200277 a 4500003000900000005001700009007000300026008004100029040002500070082001200095245011200107260006600219300003700285500004900322505055200371610007500923650004300998700004101041700003101082700003501113710005301148910001101201942001401212952013301226999001701359DO-SdBNP20260205110706.0ta220509e2013 dr aoo|ert||| 001 0 spa d aDO-SdBNPbspacBNPHU 424bI43g00aInforme de gestión anual 2013 /cPrólogo, Manuel A. Grullón, Fotografías, Luis Nova, Jochy Fersobe. aSanto Domingo :bBanco Popular, República Dominicana,c2013 a195 p. :bil., fotogr. ;c29 cm. aIncluye Directorio de oficinas, p. 190- 192. tIndicadores financieros.--tCarta del Presidente.--tInforme del consejo de Administración.--tSemblanza Alejandro E. Grullón E.--tSemblanza Alejandro Grullón.--tSemblanza Pedro A. Rodríguez.--tSemblanza Manuel A. Grullón, J. Amado Bermúdez Pippa, Consejero Emérito de Banco Popular, S. A.--tProductos y servicios.--tUna empresa de valor social permantente.--tEstados financieros.--tMiembros del Consejo de Administración.--tComités del Consejo de Administración.--tPrincipales funcionarios.--tDirectorio de oficinas. aBanco Popular de la República DominicanaxInformes Técnicos981573 0aInformes técnicosxRedacción978671 aGrullón, Manuel A.epról.9737831 aNova, Luisefotogr.9369951 aFersobe, Jochyefotogr.9737691 aBanco Popular de la República Dominicana97760 aMFeliz 2ddccLBS1 00102ddc51708PDaBNPHUbBNPHUcHDd2021-11-02eDonado por Wilfredo Alemanil0oI43gp2022-1907r2022-05-09w2022-05-09yLBS1 c51676d51676